| 000 | 00000nam##2200000za#4500 |
| 001 | 9.644114 |
| 003 | CaOODSP |
| 005 | 20210624224507 |
| 007 | cr ||||||||||| |
| 008 | 150407|2009||||xxc|||||o f|0| 0 fre|d |
| 040 | |aCaOODSP|bfre |
| 043 | |an-cn--- |
| 086 | 1 |aV32-160/2009F-PDF |
| 110 | 1 |aCanada. |bAnciens combattants Canada. |
| 245 | 10|aAnciens Combattants Canada, plan stratégique quinquennal 2009-2014 |h[ressource électronique] |
| 260 | |aCharlottetown - Ile du Prince-Édouard : |bAnciens Combattants Canada |c[2009?]. |
| 300 | |a19p.|bfigures en couleur, photographies |
| 590 | |a15-01-Supp|b2015-01-26 |
| 775 | 08|tVeterans Affairs Canada five-year strategic plan, 2009-2014 |w(CaOODSP)9.700123 |
| 856 | 40|ahttp://publications.gc.ca|qPDF|s212 Ko|uhttps://publications.gc.ca/collections/collection_2014/acc-vac/V32-160-2009-fra.pdf |